Normal view
MARC view
Entry AUTORIDADES PERSONAS
001 - NÚMERO DE CONTROL
- campo de control: 431
003 - CONTROL
- campo de control: AR-BaSMT
005 - FECHA Y HORA DE LA ÚLTIMA TRANSACCIÓN
- campo de control: 20260310095454.0
008 - ELEMENTOS LONGITUD FÍSICA
- campo de control de longitud fija: 260310nn aznnnaabn a aaa d
024 7# - OTROS INDICADORES NORMALIZADOS
- Fuente: Loc
- Número estándar o código: Kaufman, Ana María
040 ## - FUENTE DE CATALOGACIÓN
- Agencia que cataloga: AR-BaSMT
- Idioma de catalogación: spa
- Norma: RDA
100 1# - ENCABEZAMIENTO-NOMBRE DE PERSONA
- Nombre de persona: Kaufman, Ana María
- Títulos y otros términos asociados al nombre: Autor
370 ## - LUGAR ASOCIADO
- Lugar de nacimiento: Buenos aires
- País de nacimiento : Argentina
372 ## - CAMPO DE ACTIVIDAD
- Fuente (LEMB) : Lemb
- Campo en el que la persona se ha dedicado : Educación
- Campo en el que la persona se ha dedicado : Literatura
374 ## - OCUPACIÓN
- Fuente Ej: LEMB : Lemb
- Ocupación: Educadores
- Ocupación: Escritores
375 ## - GÉNERO/SEXO
- Masculino, femenino, desconocido, intersexo, … : Femenino
377 #7 - IDIOMA ASOCIADO
- Código (spa) : spa
- Lengua (español) : español
400 0# - TRAZADO DE VÉASE--NOMBRE DE PERSONA
- Nombre de persona: Ana María Kaufman
670 ## - FUENTE DE DATOS ENCONTRADOS
- Cita de la fuente: El misterio del robo en el museo, 2017
- Donde se localiza la información: port. (Ana María Kaufman)
678 ## - DATOS BIOGRÁFICOS O HISTÓRICOS
- Datos biográficos o históricos: Nació en Buenos Aires. Graduada en Ciencias de la Educación, en la UBA, es investigadora en didáctica de la lectura y la escritura. Ha indagado qué procesos y estrategias ponen en juego los niños cuando aprender a leer y a escribir, y qué situaciones didácticas favorecen esos aprendizajes. Trabaja en formación de docentes, sobre todo en alfabetización inicial. Ha publicado libros didácticos para niños, como la serie de Multicuadernos y Multilibros, y otros para maestros: La escuela y los textos, con María Elena Rodriguez; Leer y escribir: el día a día en las aulas y El desafío de evaluar procesos de lectura y escritura, con otros autores.
- URL y fecha de consulta : https://delnaranjo.com/producto/el-misterio-del-robo-en-el-museo/ 10/03/2026
